| 000 | 00516nam a22002051 4500 | ||
|---|---|---|---|
| 001 | 3584600 | ||
| 005 | 20180222072318.0 | ||
| 008 | 730220s1960 nyua b 000 0 eng | ||
| 010 | _a 60051880 | ||
| 040 |
_aDLC _cDLC _dDLC |
||
| 041 | _aeng | ||
| 080 | _a616.0757 BLE | ||
| 082 | 0 | 0 | _a616.0757 BLE |
| 100 | 1 | _a6 | |
| 101 | _aRAD | ||
| 245 | 0 | 4 | _aThe story of X-rays, from Röntgen to isotopes. |
| 504 | _aIncludes bibliography. | ||
| 906 |
_a7 _bcbc _corignew _du _eocip _f19 _gy-gencatlg |
||
| 942 |
_2ddc _cBK |
||
| 999 |
_c43190 _d43190 |
||